<?xml version="1.0" encoding="UTF-8"?>
<record
    xmlns:xsi="http://www.w3.org/2001/XMLSchema-instance"
    xsi:schemaLocation="http://www.loc.gov/MARC21/slim http://www.loc.gov/standards/marcxml/schema/MARC21slim.xsd"
    xmlns="http://www.loc.gov/MARC21/slim">

  <leader>01614nam a2200289 a 4500</leader>
  <controlfield tag="005">20141211142625.0</controlfield>
  <controlfield tag="008">140128b2007    ck ||||| |||| 00| 0 spa d</controlfield>
  <datafield tag="040" ind1=" " ind2=" ">
    <subfield code="c">CO-BoIH</subfield>
  </datafield>
  <datafield tag="041" ind1=" " ind2=" ">
    <subfield code="a">spa</subfield>
  </datafield>
  <datafield tag="044" ind1=" " ind2=" ">
    <subfield code="a">ck</subfield>
  </datafield>
  <datafield tag="090" ind1=" " ind2=" ">
    <subfield code="a">IAVH</subfield>
    <subfield code="b">00754</subfield>
  </datafield>
  <datafield tag="100" ind1=" " ind2=" ">
    <subfield code="a">Lema V&#xE9;lez, Luz Amparo</subfield>
    <subfield code="9">5292</subfield>
  </datafield>
  <datafield tag="245" ind1=" " ind2=" ">
    <subfield code="a">Implementaci&#xF3;n del Plan de co-manejo de bejuco</subfield>
    <subfield code="b">actividades de gesti&#xF3;n y apoyo</subfield>
  </datafield>
  <datafield tag="260" ind1=" " ind2=" ">
    <subfield code="a">Bogot&#xE1;</subfield>
    <subfield code="b">Instituto Alexander von Humboldt</subfield>
    <subfield code="c">2007</subfield>
  </datafield>
  <datafield tag="300" ind1=" " ind2=" ">
    <subfield code="a">95 p.</subfield>
  </datafield>
  <datafield tag="520" ind1=" " ind2=" ">
    <subfield code="a">Como resultado de este contrato se logr&#xF3; el enlace Corporaci&#xF3;n Aut&#xF3;noma Regional del Quind&#xED;o- CRQ, artesanos de Finlandia y Circasia para la implementaci&#xF3;n del Plan de Co-manejo de bejucos. Se presenta un Informe sobre la gesti&#xF3;n realizada para el fortalecimiento del proceso con los artesanos. Se exponen las actividades tanto de apoyo para la formalizaci&#xF3;n del Plan de Aprovechamiento de Bejucos con relaci&#xF3;n a la legalizaci&#xF3;n de la actividad y la medici&#xF3;n de la oferta ambienta; como las actividades de apoyo para el dise&#xF1;o de etiqueta y cat&#xE1;logo y su aplicabilidad para el Plan de Co-manejo de Bejucos. Se exponen los acuerdos de uso de recursos naturales artesanales definidos participativamente con los artesanos de Riosucio.</subfield>
  </datafield>
  <datafield tag="650" ind1=" " ind2=" ">
    <subfield code="a">Planes de manejo ambiental</subfield>
    <subfield code="9">30110</subfield>
  </datafield>
  <datafield tag="650" ind1=" " ind2=" ">
    <subfield code="a">Artesanos</subfield>
    <subfield code="9">30111</subfield>
  </datafield>
  <datafield tag="650" ind1=" " ind2=" ">
    <subfield code="a">Cester&#xED;a</subfield>
    <subfield code="9">599</subfield>
  </datafield>
  <datafield tag="650" ind1=" " ind2=" ">
    <subfield code="a">Bejucos</subfield>
    <subfield code="9">30112</subfield>
  </datafield>
  <datafield tag="650" ind1=" " ind2=" ">
    <subfield code="a">Recursos Naturales Artesanales</subfield>
    <subfield code="9">5357</subfield>
  </datafield>
  <datafield tag="650" ind1=" " ind2=" ">
    <subfield code="a">Oferta ambiental</subfield>
    <subfield code="9">5358</subfield>
  </datafield>
  <datafield tag="662" ind1=" " ind2=" ">
    <subfield code="a">Colombia</subfield>
    <subfield code="d">Filandia</subfield>
    <subfield code="b">Quind&#xED;o</subfield>
  </datafield>
  <datafield tag="662" ind1=" " ind2=" ">
    <subfield code="a">Colombia</subfield>
    <subfield code="d">Circasia</subfield>
    <subfield code="b">Quind&#xED;a</subfield>
  </datafield>
  <datafield tag="662" ind1=" " ind2=" ">
    <subfield code="a">Colombia</subfield>
    <subfield code="d">Riosucio</subfield>
    <subfield code="b">Quind&#xED;a</subfield>
  </datafield>
  <datafield tag="942" ind1=" " ind2=" ">
    <subfield code="c">INFORME</subfield>
    <subfield code="2">z</subfield>
  </datafield>
  <datafield tag="999" ind1=" " ind2=" ">
    <subfield code="c">5878</subfield>
    <subfield code="d">5878</subfield>
  </datafield>
  <datafield tag="952" ind1=" " ind2=" ">
    <subfield code="0">0</subfield>
    <subfield code="1">0</subfield>
    <subfield code="2">z</subfield>
    <subfield code="4">0</subfield>
    <subfield code="7">0</subfield>
    <subfield code="8">HUMBOLDT</subfield>
    <subfield code="I">INV2017</subfield>
    <subfield code="a">Bogota</subfield>
    <subfield code="b">Bogota</subfield>
    <subfield code="d">2007-09-04</subfield>
    <subfield code="l">0</subfield>
    <subfield code="o">IAVH-00754</subfield>
    <subfield code="p">024817</subfield>
    <subfield code="r">2024-08-09 00:00:00</subfield>
    <subfield code="t">Ej. 1</subfield>
    <subfield code="w">2012-12-04</subfield>
    <subfield code="x">Institucional</subfield>
    <subfield code="y">INFORME</subfield>
  </datafield>
</record>
